All Regions in Dredge - Statistics

General Stats
  • This quiz has been taken 13 times
  • The average score is 4 of 5
Answer Stats
Region % Correct
Gale Cliffs
89%
The Marrows
89%
Devil's Spine
78%
Stellar Basin
78%
Twisted Strand
44%
No matching quizzes found
Score Distribution
Percent of People with Each Score
Percentile by Number Answered
Your Score History
You have not taken this quiz